Lo sguardo doppio dell'amore /

Gardado en:
Detalles Bibliográficos
Autor Principal: Rapazzini, Francesco (Author)
Formato: Libro
Idioma:Lingua italiana
Publicado: Milano : Sylvestre Bonnard, [2001]
Tags: Engadir etiqueta
Sen Etiquetas, Sexa o primeiro en etiquetar este rexistro!

MARC

LEADER 00000nam a22000007i 4500
001 IT\ICCU\TSA\0308231
003 ItRI
005 20260115231950.0
008 010813s2001 it |||||| ||||| |||||c
020 |a 8886842171 
040 |b ita  |c importazione bologna sebina 
041 7 |a ita  |2 ISO-639-2 
082 |a 853.92  |9 NARRATIVA ITALIANA, 2000-  |2 21 
100 1 |a Rapazzini, Francesco  |0 IT\ICCU\TSAV\164323  |4 aut 
245 1 3 |a Lo sguardo doppio dell'amore /  |c Francesco Rapazzini. 
260 |a Milano :  |b Sylvestre Bonnard,  |c [2001] 
300 |a 196 p. :  |b ill. ;  |c 21 cm. 
942 |2 ddc  |c BK  |n 0 
952 |0 0  |1 0  |4 0  |6 L_853_914000000000000_RAP  |7 0  |9 17978  |a BO  |b BO  |d 2026-01-15  |i 9321  |l 0  |o L 853.914 RAP  |p BO9321  |r 2026-01-15 23:19:50  |w 2026-01-15  |x [Sebina 5] [1 v.]  |y BK  |z 1 v. 
999 |c 15281  |d 15281